00435nam a22001457a 450000500170000000800410001703700120005804000080007008200120007824500940009026000520018430000140023631000150025027000240026520090302104739.0090302t xxu||||| |||| 00| 0 eng d bdpl/pub aDPL a181.499 aThe adventba quarterly devoted to the exposition of Sri Aurobindo's vision of the future aPondicherrybSri Aurobindo Ashram Press c2009- av.c24 cm aQuarterly  bPondicherrye605002